| 000 | 00895nam a2200265Ia 4500 | ||
|---|---|---|---|
| 003 | GCL | ||
| 008 | 140319s9999 xx 000 0 ara d | ||
| 020 | _a350201977 | ||
| 040 |
_aGCL / _cGCL |
||
| 082 | 0 | 4 |
_a190 _bر ت |
| 100 | 1 | _aرسل ، برتراند | |
| 245 | 1 | 0 |
_aتاريخ الفلسفة الغربية : _bالكتاب الثالث(الفلسفة الحديثة) / _cرسل ، برتراند |
| 700 | 1 | _aمحمد فتحى الشنيطى | |
| 260 |
_aالقاهرة : _bالهيئة المصرية العامة للكتاب ، _c1977 |
||
| 300 |
_a499 ص ؛ _c24 سم |
||
| 650 | 0 | 4 | _aهيجل |
| 650 | 0 | 4 | _aجان جاك روسو |
| 650 | 0 | 4 | _aالفلسفة الغربية الحديثة |
| 650 | 0 | 4 | _aالعقد الاجتماعى |
| 650 | 0 | 4 | _aكانت |
| 650 | 0 | 4 | _aليبنيز |
| 650 | 0 | 4 | _aفرنسيس بيكون |
| 650 | 0 | 4 | _aبايرون |
| 942 |
_2ddc _cBK |
||
| 999 |
_c46730 _d46730 |
||